<?xml version="1.0" encoding="UTF-8"?>
<record
    xmlns:xsi="http://www.w3.org/2001/XMLSchema-instance"
    xsi:schemaLocation="http://www.loc.gov/MARC21/slim http://www.loc.gov/standards/marcxml/schema/MARC21slim.xsd"
    xmlns="http://www.loc.gov/MARC21/slim">

  <leader>00927nam a22002537a 4500</leader>
  <controlfield tag="005">20250107121537.0</controlfield>
  <datafield tag="010" ind1=" " ind2=" ">
    <subfield code="a">ENG-143219</subfield>
  </datafield>
  <datafield tag="020" ind1=" " ind2=" ">
    <subfield code="a">9780808924067</subfield>
    <subfield code="c">4067.00</subfield>
  </datafield>
  <datafield tag="035" ind1=" " ind2=" ">
    <subfield code="a">EN-126751</subfield>
  </datafield>
  <datafield tag="037" ind1=" " ind2=" ">
    <subfield code="b">DBAD</subfield>
  </datafield>
  <datafield tag="082" ind1=" " ind2=" ">
    <subfield code="a">611</subfield>
  </datafield>
  <datafield tag="100" ind1=" " ind2=" ">
    <subfield code="a">Drake, Richard L.</subfield>
    <subfield code="9">75972</subfield>
  </datafield>
  <datafield tag="245" ind1=" " ind2=" ">
    <subfield code="a">Gray's Anatomy For Students/</subfield>
    <subfield code="c">by  Richard L. Drake; A. Wayne Vogl [and] Adam W. M. Mitchell</subfield>
  </datafield>
  <datafield tag="250" ind1=" " ind2=" ">
    <subfield code="a">2</subfield>
  </datafield>
  <datafield tag="260" ind1=" " ind2=" ">
    <subfield code="a">Philadelphia</subfield>
    <subfield code="b">Churchill Livingstone Elsevier</subfield>
    <subfield code="c">2010</subfield>
  </datafield>
  <datafield tag="270" ind1=" " ind2=" ">
    <subfield code="a">1600 John F. Kennedy Blvd, Ste 1800 </subfield>
    <subfield code="b">Philadelphia</subfield>
    <subfield code="e">191032899</subfield>
  </datafield>
  <datafield tag="300" ind1=" " ind2=" ">
    <subfield code="a">xxv,1103p.</subfield>
    <subfield code="b">27cm(pb)</subfield>
  </datafield>
  <datafield tag="650" ind1=" " ind2=" ">
    <subfield code="a">Churchill, Winston, -- 1874-1965.</subfield>
    <subfield code="9">75973</subfield>
  </datafield>
  <datafield tag="650" ind1=" " ind2=" ">
    <subfield code="a">Prime ministers -- Great Britain -- Biography.</subfield>
    <subfield code="9">75974</subfield>
  </datafield>
  <datafield tag="650" ind1=" " ind2=" ">
    <subfield code="a">Great Britain -- Politics and government -- 20th century.</subfield>
    <subfield code="9">75975</subfield>
  </datafield>
  <datafield tag="700" ind1=" " ind2=" ">
    <subfield code="a">A. Wayne Vogl</subfield>
    <subfield code="e">Author</subfield>
    <subfield code="9">75976</subfield>
  </datafield>
  <datafield tag="700" ind1=" " ind2=" ">
    <subfield code="a">Adam W. M. Mitchell</subfield>
    <subfield code="e">Author</subfield>
    <subfield code="9">75977</subfield>
  </datafield>
  <datafield tag="942" ind1=" " ind2=" ">
    <subfield code="2">ddc</subfield>
    <subfield code="c">EN</subfield>
    <subfield code="h">611</subfield>
    <subfield code="m">DRA</subfield>
  </datafield>
  <datafield tag="999" ind1=" " ind2=" ">
    <subfield code="c">208127</subfield>
    <subfield code="d">208127</subfield>
  </datafield>
  <datafield tag="952" ind1=" " ind2=" ">
    <subfield code="0">0</subfield>
    <subfield code="1">0</subfield>
    <subfield code="4">0</subfield>
    <subfield code="7">0</subfield>
    <subfield code="8">NFIC</subfield>
    <subfield code="a">MP</subfield>
    <subfield code="b">MP</subfield>
    <subfield code="d">2025-01-07</subfield>
    <subfield code="e">Delivery of Books Division</subfield>
    <subfield code="g">4067.00</subfield>
    <subfield code="l">0</subfield>
    <subfield code="o">611 DRA</subfield>
    <subfield code="p">EN-126751</subfield>
    <subfield code="r">2025-01-07 00:00:00</subfield>
    <subfield code="t">1</subfield>
    <subfield code="v">4067.00</subfield>
    <subfield code="w">2025-01-07</subfield>
    <subfield code="y">EN</subfield>
  </datafield>
</record>
